[Event "HUN-chT1 Maroczy 2324"]
[Site "Hungary"]
[Date "2024.04.21"]
[Round "10.8"]
[White "Simonyi, Zoltan"]
[Black "Czegledi, Zsolt"]
[Result "1/2-1/2"]
[WhiteElo "2094"]
[BlackElo "2150"]
[PlyCount "94"]
[EventDate "2023.10.08"]
[EventType "team-tourn"]
[EventRounds "11"]
[EventCountry "HUN"]
[SourceTitle "EXT 2025"]
[Source "ChessBase"]
[SourceDate "2024.10.14"]
[SourceVersion "1"]
[SourceVersionDate "2024.10.14"]
[SourceQuality "1"]
[WhiteTeam "Kisujszallas"]
[BlackTeam "Neumann Egyetem"]
[WhiteTeamCountry "HUN"]
[BlackTeamCountry "HUN"]

1. d4 d5 2. c4 e6 3. Nc3 Nf6 4. Bg5 Be7 5. e3 Nbd7 6. Nf3 0-0 7. Rc1 c6 8. Qc2 Re8 9. a3 h6 10. Bh4 a6 11. h3 dxc4 12. Bxc4 b5 13. Be2 c5 14. dxc5 Nxc5 15. b4 Ncd7 16. 0-0 Bb7 17. Rfd1 Qb6 18. Bg3 Rac8 19. Qb1 Qa7 20. Nd4 Qa8 21. f3 Nb6 22. Nb3 Nfd5 23. Nxd5 Nxd5 24. Qd3 Red8 25. Rxc8 Rxc8 26. Be5 Rd8 27. Bd4 e5 28. Bxe5 Nxb4 29. Qf5 Rxd1+ 30. Bxd1 Qd8 31. Be2 Nc6 32. Bb2 g6 33. Qc2 Bf6 34. Nc5 Bxb2 35. Qxb2 Qb6 36. Qc3 Na5 37. Nd7 Qd8 38. Nf6+ Kf8 39. e4 h5 40. e5 Nc6 41. Kf2 Qd4+ 42. Qxd4 Nxd4 43. Bd3 Ke7 44. Ke3 Ne6 45. g3 Nc5 46. Bb1 Nd7 47. Nxd7 Kxd7 1/2-1/2

[Event "HUN-chT1 Maroczy 2324"]
[Site "Hungary"]
[Date "2024.03.10"]
[Round "8.5"]
[White "Czegledi, Zsolt"]
[Black "Zambor, Norbert"]
[Result "1/2-1/2"]
[WhiteElo "2156"]
[BlackElo "2224"]
[PlyCount "22"]
[EventDate "2023.10.08"]
[EventType "team-tourn"]
[EventRounds "11"]
[EventCountry "HUN"]
[SourceTitle "EXT 2025"]
[Source "ChessBase"]
[SourceDate "2024.10.14"]
[SourceVersion "1"]
[SourceVersionDate "2024.10.14"]
[SourceQuality "1"]
[WhiteTeam "Neumann Egyetem"]
[BlackTeam "Pitypalatty"]
[WhiteTeamCountry "HUN"]
[BlackTeamCountry "HUN"]

1. d4 Nf6 2. Bg5 e6 3. e4 h6 4. Bxf6 Qxf6 5. e5 Qd8 6. Nf3 d6 7. Bd3 Nd7 8. 0-0 a6 9. Nbd2 b6 10. Qe2 Bb7 11. c4 d5 1/2-1/2

[Event "HUN-chT1 Maroczy 2324"]
[Site "Hungary"]
[Date "2024.03.03"]
[Round "7.7"]
[White "Tubak, Daniel"]
[Black "Czegledi, Zsolt"]
[Result "1-0"]
[WhiteElo "2187"]
[BlackElo "2156"]
[PlyCount "101"]
[EventDate "2023.10.08"]
[EventType "team-tourn"]
[EventRounds "11"]
[EventCountry "HUN"]
[SourceTitle "EXT 2025"]
[Source "ChessBase"]
[SourceDate "2024.10.14"]
[SourceVersion "1"]
[SourceVersionDate "2024.10.14"]
[SourceQuality "1"]
[WhiteTeam "Maroczy"]
[BlackTeam "Neumann Egyetem"]
[WhiteTeamCountry "HUN"]
[BlackTeamCountry "HUN"]

1. e4 e5 2. Nf3 Nc6 3. Bc4 Bc5 4. c3 Qe7 5. 0-0 Nf6 6. d3 d6 7. b4 Bb6 8. a4 a6 9. Na3 0-0 10. h3 Be6 11. Bxe6 Qxe6 12. Nc4 Ba7 13. Bg5 h6 14. Bxf6 Qxf6 15. b5 Ne7 16. Rb1 axb5 17. axb5 Bb8 18. Qb3 Ng6 19. Ne3 Nf4 20. Nd5 Qe6 21. Nxf4 Qxb3 22. Rxb3 exf4 23. Rbb1 Ba7 24. Ra1 Bb6 25. Nd2 Ra5 26. Rxa5 Bxa5 27. Rc1 Bb6 28. Ra1 f5 29. exf5 Rxf5 30. Ra8+ Kh7 31. c4 d5 32. Kf1 dxc4 33. dxc4 Bc5 34. Ne4 f3 35. gxf3 Bd4 36. Kg2 c6 37. bxc6 bxc6 38. Rd8 c5 39. Rc8 g5 40. Rc6 Kg7 41. Nd2 Re5 42. Kf1 h5 43. Nb3 Rf5 44. Kg2 g4 45. hxg4 hxg4 46. Nxd4 cxd4 47. fxg4 Rf4 48. Kg3 Re4 49. Rd6 d3 50. Rxd3 Rxc4 51. Rd6 1-0

[Event "HUN-chT1 Maroczy 2324"]
[Site "Hungary"]
[Date "2023.10.15"]
[Round "2.7"]
[White "Juhasz, Mark"]
[Black "Czegledi, Zsolt"]
[Result "0-1"]
[WhiteElo "1980"]
[BlackElo "2155"]
[PlyCount "112"]
[EventDate "2023.10.08"]
[EventType "team-tourn"]
[EventRounds "11"]
[EventCountry "HUN"]
[SourceTitle "EXT 2025"]
[Source "ChessBase"]
[SourceDate "2024.10.14"]
[SourceVersion "1"]
[SourceVersionDate "2024.10.14"]
[SourceQuality "1"]
[WhiteTeam "Magyar Sakkvilag"]
[BlackTeam "Neumann Egyetem"]
[WhiteTeamCountry "HUN"]
[BlackTeamCountry "HUN"]

1. c4 c6 2. g3 d5 3. Nf3 Nf6 4. Bg2 Bf5 5. Qb3 Qb6 6. d3 Nbd7 7. Be3 Qxb3 8. axb3 a6 9. Bd4 e6 10. Nh4 Bg6 11. Bc3 Be7 12. Nxg6 hxg6 13. h4 0-0 14. Nd2 e5 15. e3 Rfe8 16. 0-0 Bd6 17. Nf3 Nc5 18. Bxe5 Bxe5 19. Nxe5 Nxb3 20. Ra3 Nd2 21. Rd1 Nxc4 22. Nxc4 dxc4 23. dxc4 Rad8 24. Rad3 Rxd3 25. Rxd3 Kf8 26. Kf1 Ke7 27. Ke2 Rd8 28. Rb3 Rd7 29. Bh3 Rc7 30. Kd3 Kd6 31. Kd4 Nd7 32. Rd3 Nc5 33. Rd1 a5 34. e4 Re7 35. f3 b6 36. Re1 Ne6+ 37. Kc3 Kc5 38. Rd1 Nc7 39. b3 b5 40. Ra1 Kb6 41. c5+ Kxc5 42. Rxa5 Re8 43. b4+ Kb6 44. Ra2 Rd8 45. Rd2 Rxd2 46. Kxd2 c5 47. bxc5+ Kxc5 48. Kc3 b4+ 49. Kd3 Nb5 50. Bd7 Nd4 51. Be8 Nxf3 52. Ke3 Ne5 53. Ba4 Kc4 54. Kf4 Nd3+ 55. Kg5 b3 56. g4 Nc5 0-1

[Event "HUN-chT1 Maroczy 2223"]
[Site "Hungary"]
[Date "2023.03.26"]
[Round "8.6"]
[White "Czegledi, Zsolt"]
[Black "Tubak, Daniel"]
[Result "1/2-1/2"]
[WhiteElo "2174"]
[BlackElo "2189"]
[PlyCount "100"]
[EventDate "2022.11.20"]
[EventType "team-tourn"]
[EventRounds "9"]
[EventCountry "HUN"]
[SourceTitle "EXT 2025"]
[Source "ChessBase"]
[SourceDate "2024.10.14"]
[SourceVersion "1"]
[SourceVersionDate "2024.10.14"]
[SourceQuality "1"]
[WhiteTeam "Kecskemet TLSE"]
[BlackTeam "Maroczy"]
[WhiteTeamCountry "HUN"]
[BlackTeamCountry "HUN"]

1. d4 Nf6 2. c4 e6 3. Nf3 d5 4. Nc3 dxc4 5. Qa4+ c6 6. Qxc4 b5 7. Qd3 a6 8. e4 c5 9. dxc5 Qxd3 10. Bxd3 Bxc5 11. e5 Nfd7 12. Be4 Ra7 13. Bf4 0-0 14. 0-0 Bb7 15. a3 Rc8 16. Rfd1 Bxe4 17. Nxe4 Be7 18. Be3 Rac7 19. Nd6 Bxd6 20. Rxd6 Rc6 21. Rad1 Rxd6 22. Rxd6 Rc6 23. Rd1 Kf8 24. Nd4 Rc8 25. f4 Ke8 26. Kf2 Nc6 27. Rc1 Ne7 28. Rxc8+ Nxc8 29. Nc6 Ne7 30. Nxe7 Kxe7 31. Ke2 Nb8 32. Kd3 Nc6 33. b3 h5 34. h3 Kd7 35. g4 hxg4 36. hxg4 Ne7 37. Ke4 g6 38. Bd2 Kc6 39. Be1 Nd5 40. Bd2 Kb6 41. f5 gxf5+ 42. gxf5 a5 43. a4 bxa4 44. bxa4 Nb4 45. fxe6 fxe6 46. Be3+ Kc6 47. Bd4 Na6 48. Bc3 Nc5+ 49. Kf4 Nb3 50. Kg5 Kd5 1/2-1/2

[Event "HUN-chT2 Toth 1617"]
[Site "Hungary"]
[Date "2017.03.12"]
[Round "10.1"]
[White "Czegledi, Zsolt"]
[Black "Nagy, Attila N"]
[Result "1/2-1/2"]
[WhiteElo "2128"]
[BlackElo "2200"]
[PlyCount "50"]
[EventDate "2016.09.25"]
[EventType "team-tourn"]
[EventRounds "11"]
[EventCountry "HUN"]
[SourceTitle "EXT 2021"]
[Source "ChessBase"]
[SourceDate "2020.10.23"]
[SourceVersion "1"]
[SourceVersionDate "2020.10.23"]
[SourceQuality "1"]
[WhiteTeam "Kecskemet Toth Laszlo II"]
[BlackTeam "Szeged Meritum"]
[WhiteTeamCountry "HUN"]
[BlackTeamCountry "HUN"]

1. d4 Nf6 2. c4 c5 3. d5 g6 4. Nc3 Bg7 5. e4 d6 6. Nf3 0-0 7. h3 e6 8. Be2 exd5 9. exd5 Na6 10. 0-0 Re8 11. Bd3 Nc7 12. a4 Na6 13. Bf4 Nb4 14. Bb1 a6 15. Qd2 b6 16. Re1 Rxe1+ 17. Nxe1 Qc7 18. Be4 Bd7 19. Bf3 h5 20. Nc2 Nxc2 21. Qxc2 Bf5 22. Qd2 Re8 23. Re1 Rxe1+ 24. Qxe1 Kf8 25. Qd2 Qe7 1/2-1/2

[Event "HUN-chT2 Toth 1415"]
[Site "Hungary"]
[Date "2015.03.01"]
[Round "9.1"]
[White "Czegledi, Zsolt"]
[Black "Simonyi, Zoltan"]
[Result "0-1"]
[WhiteElo "2158"]
[BlackElo "2284"]
[PlyCount "152"]
[EventDate "2014.09.07"]
[EventType "team-tourn"]
[EventRounds "11"]
[EventCountry "HUN"]
[SourceTitle "EXT 2016"]
[Source "ChessBase"]
[SourceDate "2015.10.08"]
[SourceVersion "1"]
[SourceVersionDate "2015.10.08"]
[SourceQuality "1"]
[WhiteTeam "Toth Laszlo"]
[BlackTeam "Ujszasz"]
[WhiteTeamCountry "HUN"]
[BlackTeamCountry "HUN"]

1. d4 g6 2. e4 Bg7 3. Nf3 d6 4. c4 e5 5. Be2 Nc6 6. d5 Nce7 7. Nc3 f5 8. 0-0 Nf6 9. Bd2 0-0 10. b4 Kh8 11. Rc1 Neg8 12. Qc2 Bd7 13. c5 Qe7 14. cxd6 cxd6 15. Qb3 Rfc8 16. exf5 gxf5 17. Ng5 Ne8 18. Ne6 Bh6 19. Bxh6 Nxh6 20. f4 Bxe6 21. dxe6 Nf6 22. fxe5 dxe5 23. Bd3 e4 24. Bc4 Nhg4 25. Nd5 Qd6 26. Nf4 Qd4+ 27. Kh1 b5 28. Ne2 Qe5 29. Qg3 Qxg3 30. Nxg3 Rxc4 31. Nxf5 Nd5 32. Rce1 Ngf6 33. a3 Rc6 34. Nd4 Rb6 35. Rf5 Re8 36. g4 h6 37. h4 Rd6 38. Nxb5 Rdd8 39. g5 hxg5 40. hxg5 Nh5 41. Rxd5 Rxd5 42. Nc7 Rdd8 43. Nxe8 Rxe8 44. Kg2 Kg7 45. Rxe4 Kg6 46. b5 Ng7 47. Ra4 Re7 48. Ra6 Nxe6 49. b6 axb6 50. Rxb6 Kxg5 51. a4 Kf4 52. a5 Nc5 53. a6 Re2+ 54. Kf1 Ra2 55. Rf6+ Ke5 56. Rc6 Kd5 57. Rh6 Nxa6 58. Rh5+ Ke4 59. Rh4+ Kf3 60. Rh3+ Kg4 61. Rc3 Rb2 62. Ke1 Nb4 63. Kd1 Nd5 64. Rd3 Nf4 65. Rd2 Rb8 66. Kc2 Rc8+ 67. Kb3 Kf5 68. Rd7 Ke4 69. Kb4 Nd5+ 70. Kb5 Kd4 71. Rh7 Rb8+ 72. Ka6 Kc5 73. Rh6 Rb1 74. Rg6 Ne7 75. Re6 Nc6 76. Re2 Rb6# 0-1

[Event "HUN-chT2 Maroczy 1314"]
[Site "Hungary"]
[Date "2014.03.23"]
[Round "9"]
[White "Czegledi, Zsolt"]
[Black "Kiss, Gergely"]
[Result "1-0"]
[WhiteElo "2162"]
[BlackElo "2202"]
[PlyCount "69"]
[EventDate "2013.09.08"]
[EventType "team-tourn"]
[EventRounds "11"]
[EventCountry "HUN"]
[SourceTitle "EXT 2016"]
[Source "ChessBase"]
[SourceDate "2015.10.08"]
[SourceVersion "1"]
[SourceVersionDate "2015.10.08"]
[SourceQuality "1"]
[WhiteTeam "Toth Laszlo"]
[BlackTeam "Budapest MLTC II"]
[WhiteTeamCountry "HUN"]
[BlackTeamCountry "HUN"]

1. d4 Nf6 2. c4 g6 3. Nc3 Bg7 4. g3 0-0 5. Bg2 d6 6. e4 e5 7. d5 Nbd7 8. Nge2 a5 9. 0-0 Ne8 10. Be3 f5 11. Qd2 Nef6 12. Bg5 Nc5 13. f3 Bd7 14. Rae1 Qb8 15. h3 b5 16. cxb5 Qb6 17. Be3 a4 18. Rb1 g5 19. g4 f4 20. Bf2 Bxb5 21. Nxb5 Qxb5 22. Rfd1 Nfd7 23. Bf1 Qb7 24. Nc3 Ra5 25. Bc4 Qb4 26. Qe2 Rb8 27. Be1 Qb6 28. Kg2 Bf6 29. Bf2 Qb4 30. Be1 Qb6 31. b4 axb3 32. axb3 Raa8 33. Bb5 Rd8 34. b4 Na6 35. Bf2 1-0

[Event "HUN-chT2 Toth 1213"]
[Site "Hungary"]
[Date "2013.02.17"]
[Round "7.5"]
[White "Czegledi, Zsolt"]
[Black "Tenk, Zoltan"]
[Result "1/2-1/2"]
[WhiteElo "2158"]
[BlackElo "2012"]
[PlyCount "58"]
[EventDate "2012.09.16"]
[EventType "team-tourn"]
[EventRounds "11"]
[EventCountry "HUN"]
[SourceTitle "EXT 2014"]
[Source "ChessBase"]
[SourceDate "2013.11.20"]
[SourceVersion "1"]
[SourceVersionDate "2013.11.20"]
[SourceQuality "1"]
[WhiteTeam "Toth Laszlo II"]
[BlackTeam "Maroczy II"]
[WhiteTeamCountry "HUN"]
[BlackTeamCountry "HUN"]

1. Nf3 d5 2. d4 Nf6 3. c4 e6 4. g3 Be7 5. Bg2 0-0 6. 0-0 b6 7. Nc3 Bb7 8. Ne5 Nbd7 9. Bf4 c5 10. dxc5 Nxc5 11. Qc2 Qc8 12. cxd5 exd5 13. Rac1 d4 14. Bxb7 Qxb7 15. Nb5 Ne6 16. Qc6 Rab8 17. Nd3 Nxf4 18. Nxf4 Rfd8 19. Rfd1 Bc5 20. Qxb7 Rxb7 21. e3 g5 22. Nh3 g4 23. Nf4 Rbd7 24. Nxd4 Bxd4 25. exd4 Rxd4 26. Rxd4 Rxd4 27. Rc2 Rd1+ 28. Kg2 Ne4 29. f3 Nf6 1/2-1/2

[Event "HUN-chT2 Toth 1213"]
[Site "Hungary"]
[Date "2013.01.27"]
[Round "6.5"]
[White "Andriska, Zsolt"]
[Black "Czegledi, Zsolt"]
[Result "0-1"]
[WhiteElo "2035"]
[BlackElo "2158"]
[PlyCount "92"]
[EventDate "2012.09.16"]
[EventType "team-tourn"]
[EventRounds "11"]
[EventCountry "HUN"]
[SourceTitle "EXT 2014"]
[Source "ChessBase"]
[SourceDate "2013.11.20"]
[SourceVersion "1"]
[SourceVersionDate "2013.11.20"]
[SourceQuality "1"]
[WhiteTeam "Felegyhaza Csongrad"]
[BlackTeam "Toth Laszlo II"]
[WhiteTeamCountry "HUN"]
[BlackTeamCountry "HUN"]

1. e4 e5 2. Nf3 Nc6 3. Bb5 a6 4. Bxc6 dxc6 5. Nc3 f6 6. d4 exd4 7. Qxd4 Qxd4 8. Nxd4 Bd7 9. Bf4 0-0-0 10. 0-0-0 Bd6 11. Nde2 Bc5 12. f3 Ne7 13. Na4 Ba7 14. b3 Ng6 15. Bg3 Rhe8 16. Nac3 Be3+ 17. Kb2 Be6 18. Rd3 Rxd3 19. cxd3 c5 20. Kc2 Ne5 21. Bxe5 fxe5 22. Ng3 g6 23. Rf1 b5 24. Nd1 Bd4 25. Ne2 Rf8 26. h3 Kd7 27. Nb2 Kd6 28. Nxd4 cxd4 29. Kd2 c5 30. g4 h5 31. Ke2 g5 32. Rg1 Rh8 33. Rg3 Kc6 34. Kd2 Kb6 35. Kc2 Ka5 36. a3 hxg4 37. fxg4 Rf8 38. Rg2 Rf1 39. Rh2 Ra1 40. h4 gxh4 41. Rxh4 Rxa3 42. g5 Bxb3+ 43. Kb1 Ba2+ 44. Ka1 c4 45. g6 c3 46. g7 Bb3+ 0-1

[Event "HUN-chT 1112"]
[Site "Hungary"]
[Date "2011.09.25"]
[Round "1"]
[White "Czegledi, Zsolt"]
[Black "Medvegy, Nora"]
[Result "1/2-1/2"]
[WhiteElo "2157"]
[BlackElo "2333"]
[PlyCount "102"]
[EventDate "2011.09.25"]
[EventType "team-tourn"]
[EventRounds "11"]
[EventCountry "HUN"]
[SourceTitle "CBM 144 Extra"]
[Source "ChessBase"]
[SourceDate "2011.10.28"]
[SourceVersion "1"]
[SourceVersionDate "2011.10.28"]
[SourceQuality "1"]
[WhiteTeam "Toth Laszlo"]
[BlackTeam "MLTC"]
[WhiteTeamCountry "HUN"]
[BlackTeamCountry "HUN"]

1. d4 Nf6 2. Nf3 e6 3. g3 b6 4. Bg2 Bb7 5. 0-0 Be7 6. c4 0-0 7. Nc3 Na6 8. Bg5 d6 9. Bxf6 Bxf6 10. e4 c5 11. Qd2 cxd4 12. Nxd4 Rc8 13. b3 Nc5 14. Rad1 a6 15. Nde2 Be7 16. Qe3 Nd7 17. Rd2 Qc7 18. Rfd1 Rfd8 19. h3 Ba8 20. Kh2 Qb8 21. Nd4 h6 22. f4 Bf6 23. Nde2 Nf8 24. a4 Qc7 25. Rd3 Be7 26. Nd4 Nd7 27. f5 Nc5 28. fxe6 fxe6 29. Qe2 e5 30. Nf5 Nxd3 31. Rxd3 Kh7 32. h4 g6 33. Ne3 Rf8 34. Bh3 Rcd8 35. h5 gxh5 36. Bf5+ Kh8 37. Qxh5 Bg5 38. Ned5 Qa7 39. Kg2 Bc6 40. g4 Be8 41. Qh1 Kg7 42. Qa1 Rb8 43. a5 Bd8 44. Rh3 Rh8 45. Be6 Qb7 46. Ne3 Bg6 47. Nf5+ Bxf5 48. gxf5 bxa5 49. Nd5 Bg5 50. f6+ Kf8 51. Kh1 Rh7 1/2-1/2